00720nam a2200205Ia 450000500170000000800410001704100080005808200160006610000400008224500320012226000460015430000080020050000330020865000400024170000400028190600090032194200070033099900170033795201600035420230502185353.0230125s9999 xx 000 0 und d aeng a344.01bPRO aProfessional Book Publishers (Pub.) aThe Indian Trusts Act, 1882 c2022bProfessional Book Publisher.aDelhi a35p aBare Acts;Indian Trusts Act  aBare Acts;Indian Trusts Act9181344 aProfessional Book Publishers (Pub.) b18.9 cBK c96980d96980 00104070aHIMRbHIMRd2022-03-09ePritam Book Centreg70.00i329l0o344.01 PRO B22308pHIMR-BK-22308r2023-01-25 00:00:00v51.10w2022-03-07yBKzB22308